000 00864cam a22002531 4500
001 7505331
003 ARRUPE
005 20131210124704.0
008 770622s1961 enka 000 0beng
010 _a 62053349
015 _aGB61-20183
035 _a(OCoLC)3059647
040 _aDLC
_cMiEM
_dOCoLC
_dUk
_dDLC
042 _apremarc
050 0 0 _aSPC DT510.6.N5
_bP6
100 1 _aPowell, Erica.
_95354
245 1 0 _aKwame Nkrumah of the New Africa.
_cAdapted from Ghana, the autobiography of Kwame Nkrumah by Erica Powell. Illustrated by Carabine.
260 _aLondon,
_aNew York,
_bNelson
_c[c1961]
300 _a68 p.
_billus.
_c20 cm.
500 _a"The language in this version ... has been simplified for school use."
600 1 0 _aNkrumah, Kwame,
_d1909-1972
_95355
906 _a7
_bcbc
_coclcrpl
_du
_encip
_f19
_gy-gencatlg
942 _2lcc
_cMONOGRAPH
999 _c119142
_d119142